Irish Alphabet - Sudden Death - Statistics

General Stats
  • This quiz has been taken 142 times
  • The average score is 12 of 18
Answers on the Grid
Answers color-coded by a green-red scale on the quiz's grid according to % correct below.
a
b
c
d
e
f
g
h
i
j
k
l
m
n
o
p
q
r
s
t
u
v
w
x
y
z
 
Answer Stats
Answer % Correct
a
99%
d
87%
c
86%
e
86%
i
86%
b
80%
g
80%
h
79%
f
75%
o
54%
m
52%
n
51%
s
51%
r
49%
u
48%
t
45%
l
44%
p
44%
No matching quizzes found
Score Distribution
Percent of People with Each Score
Percentile by Number Answered
Your Score History
You have not taken this quiz